| 000 | 00667nam a22002417a 4500 | ||
|---|---|---|---|
| 003 | UA-OsUOA | ||
| 001 | 75819 | ||
| 007 | ta | ||
| 008 | 20110601b un ||||| |||| 00| 0 ukr d | ||
| 100 | _aГордова Т. | ||
| 090 |
_a745.5(477) _bГ68 |
||
| 942 | _cBK | ||
| 040 |
_aUA-OsUOA _bukr _cUA-OsUOA _dUA-OsUOA |
||
| 245 |
_aДекоративний розпис. Малярство. Писанки _bальбом |
||
| 300 | _a48 с. | ||
| 955 | _a2 | ||
| 041 | _aukr | ||
| 080 | _a745.5(477) | ||
| 020 | _a966-95229-6-Х | ||
| 260 |
_aК. _bБона Менте _c2001 |
||
| 650 | 7 |
_a745 Художні ремесла, промисли _2UDC |
|
| 999 |
_c362117 _d362117 |
||